Normal view
MARC view
- زيادات، احمد، م.مشاركالعموش، ابراهيم
Entry Personal Name
001 - CONTROL NUMBER
- control field: 46988
003 - CONTROL NUMBER IDENTIFIER
- control field: JO-AjAnu
005 - DATE AND TIME OF LATEST TRANSACTION
- control field: 20230606081748.0
008 - FIXED-LENGTH DATA ELEMENTS
- fixed length control field: 230606|| aca||aabn | a|a d
040 ## - CATALOGING SOURCE
- Original cataloging agency: JO-AjAnu
- Transcribing agency: JO-AjAnu
100 ## - HEADING--PERSONAL NAME
- Personal name: زيادات، احمد، م.مشاركالعموش، ابراهيم
670 ## - SOURCE DATA FOUND
- Source citation: Work cat.: (JO-AjAnu)24049: زيادات، احمد، م.مشاركالعموش، ابراهيم , author, الوجيز في التشريعات التجارية الاردنية : مبادئ القانون التجاري ، الشركات التجارية ، الاوراق التجارية والعمليات المصرفية